North American Pro Sports Teams by City - Statistics

General Stats
  • This quiz has been taken 45,597 times
    44,412 since last reset
  • The average score is 41 of 49
Answer Stats
Metro Area Teams % Correct
Los Angeles Angels | Chargers | Clippers | Dodgers | Ducks | Kings | Lakers | Rams
99%
Chicago Bears | Blackhawks | Bulls | Cubs | White Sox
99%
New York City / New Jersey Devils | Giants | Islanders | Jets | Knicks | Mets | Nets | Rangers | Yankees
99%
Boston Bruins | Celtics | Patriots | Red Sox
98%
Dallas Cowboys | Mavericks | Rangers | Stars
98%
Miami Dolphins | Heat | Marlins | Panthers
98%
San Francisco Bay area 49ers | Giants | Sharks | Warriors
96%
Denver Avalanche | Broncos | Nuggets | Rockies
96%
Philadelphia Eagles | 76ers | Flyers | Phillies
96%
Detroit Lions | Pistons | Red Wings | Tigers
96%
Toronto Blue Jays | Maple Leafs | Raptors
94%
Houston Astros | Rockets | Texans
93%
Atlanta Braves | Falcons | Hawks
93%
Cleveland Browns | Cavaliers | Guardians
93%
Phoenix Cardinals | Diamondbacks | Suns
93%
Pittsburgh Penguins | Pirates | Steelers
93%
Buffalo Bills | Sabres
91%
Washington, D.C. Capitals | Commanders | Nationals | Wizards
91%
Tampa Buccaneers | Lightning | Rays
90%
Kansas City Chiefs | Royals
90%
Seattle Mariners | Kraken | Seahawks
90%
Green Bay Packers
89%
Baltimore Orioles | Ravens
88%
New Orleans Pelicans | Saints
88%
Milwaukee Brewers | Bucks
87%
Indianapolis Colts | Pacers
86%
Las Vegas Golden Knights | Raiders
86%
Minneapolis/St. Paul Timberwolves | Twins | Vikings | Wild
86%
Cincinnati Bengals | Reds
85%
Charlotte Hornets | Panthers
85%
Jacksonville Jaguars
82%
Orlando Magic
78%
San Antonio Spurs
78%
St. Louis Blues | Cardinals
77%
Sacramento Kings | Athletics
77%
Oklahoma City Thunder
77%
Memphis Grizzlies
74%
Nashville Predators | Titans
74%
Portland Trail Blazers
73%
Salt Lake City Jazz | Mammoth
72%
Edmonton Oilers
71%
Montreal Canadiens
65%
Calgary Flames
61%
San Diego Padres
60%
Vancouver Canucks
58%
Winnipeg Jets
58%
Ottawa Senators
57%
Columbus Blue Jackets
53%
Raleigh Hurricanes
41%
No matching quizzes found
Score Distribution
Percent of People with Each Score
Percentile by Number Answered
Your Score History
You have not taken this quiz since the last reset